000 01136cam a2200301 i 4500
001 11803893
003 EG-ScBUE
005 20240922095426.0
008 991006t2000 riu f b 000 0 eng d
020 _a0821819410 (alk. paper)
020 _a9780821819418
040 _aDLC
_beng
_erda
_cDLC
_dDLC
_dEG-ScBUE
082 0 4 _a512.55
_222
_bREP
245 0 0 _aRepresentation theory of lie groups /
_cJeffrey Adams, David Vogan, editors.
264 1 _aProvidence, RI. :
_bAmerican Mathematical Society,
_c[2000]
264 4 _cc2000
300 _axii, 340 pages ;
_c27 cm
336 _2rdacontent
_atext
_btxt
337 _aunmediated
_2rdamedia
_bn
338 _avolume
_bnc
_2rdacarrier
504 _aIncludes bibliographical references.
650 7 _aRepresentations of Lie groups.
_2BUEsh
_96981
655 _vReading book
700 1 _aAdams, Jeffrey,
_eeditor.
_96982
700 1 _aVogan, David A.,
_d1954-
_eeditor.
_96983
942 _2ddc
_cBB
999 _c12045
_d12045